000 00881nam a2200253Ia 4500
003 OSt
005 20221005113418.0
006 a|||||r|||| 00| 0
007 ta
008 221004b |||||||| |||| 00| 0 pan d
020 _a8178830892 (pbk)
_c200
024 _a15193
037 _b883, 08/09/2014, H.K. Prakashan
_cTextual
040 _aCRL
_cCRL
_bpan
041 _2pan
_apan
082 _aO153,3NBIx, P2
100 _aਬਿਨਿੰਗ, ਸਾਧੂ
245 0 _aਜੁਗਤੂ
_b ਇਕ ਖਲਨਾਇਕ ਦੀ ਆਤਮਕਤਾ
260 _aਲੁਧਿਆਣਾ
_bਚੇਤਨਾ ਪ੍ਰਕਾFਨ ਭਾਰਤ
_c2002
300 _a450ਪੰ
_ccm.
650 _aਪੰਜਾਬੀ ਸਾਹਿਤ
942 _hO153,3NBIx, P2
_cTEXL
_2cc
999 _c1028103
_d1028103